| 000 | 01343cam a22003134a 4500 | ||
|---|---|---|---|
| 001 | 13809487 | ||
| 003 | NUST-PNEC | ||
| 005 | 20170116180709.0 | ||
| 008 | 041208s2005 flua bf 001 0 eng | ||
| 010 | _a 2004064923 | ||
| 020 | _a1574446495 | ||
| 040 | _cPNEC | ||
| 042 | _apcc | ||
| 050 | 0 | 0 |
_aTP156.C57 _bC62 2005 |
| 082 | 0 | 0 |
_a667.9 TRA _222 |
| 100 |
_9476 _aTracton, Arthur A. |
||
| 245 | 0 | 0 |
_aCoatings technology handbook / _cedited by Arthur A. Tracton. |
| 250 | _a3rd ed. | ||
| 260 |
_aBoca raton, FL : _bTaylor & Francis, _c2005. |
||
| 300 |
_a1 v. (various pagings) : _bill. ; _c26 cm. |
||
| 500 | _aIncludes Index http://www.amazon.com/Coatings-Technology-Handbook-Arthur-Tracton/dp/1574446495/ref=sr_1_1?s=books&ie=UTF8&qid=1412163708&sr=1-1&keywords=1574446495 | ||
| 504 | _aIncludes bibliographical references and index. | ||
| 650 | 0 |
_aCoating processes _vHandbooks, manuals, etc. _xME, IME |
|
| 700 | 1 | _aTracton, Arthur A. | |
| 856 | 4 | 2 |
_3Publisher description _uhttp://www.loc.gov/catdir/enhancements/fy0648/2004064923-d.html |
| 906 |
_a7 _bcbc _corignew _d1 _eocip _f20 _gy-gencatlg |
||
| 942 |
_2ddc _cBK |
||
| 999 |
_c60870 _d60870 |
||